European Competitions Top 5 Assisters: 2005/06 - Statistics

General Stats
  • This quiz has been taken 2 times
  • The average score is 3 of 14
Answer Stats
Competition Assists Club Nationality Player % Correct
Champions League 5 Barcelona Brazil Ronaldinho
100%
Champions League 4 Real Madrid England David Beckham
50%
Champions League 5 Werder Bremen France Johan Micoud
50%
Champions League 4 Juventus Czechia Pavel Nedved
50%
UEFA Cup 3 Hamburg Germany Piotr Trochowski
50%
UEFA Cup 3 Besiktas Egypt Ahmed Hassan
0%
UEFA Cup 3 Roma Italy Alberto Aquilani
0%
UEFA Cup 3 Strasbourg Sweden Alexander Farnerud
0%
UEFA Cup 3 Sevilla Brazil Dani Alves
0%
UEFA Cup 3 Slavia Prague Slovakia Dusan Svento
0%
Champions League 4 Lyon Brazil Juninho
0%
UEFA Cup 4 FCSB Romania Mirel Radoi
0%
UEFA Cup 4 Middlesbrough England Stuart Downing
0%
UEFA Cup 3 FCSB Romania Victorias Iacob
0%
No matching quizzes found
Score Distribution
Percent of People with Each Score
Percentile by Number Answered
Your Score History
You have not taken this quiz